[Event "Nantes op 14th"]
[Site "Nantes"]
[Date "2015.12.27"]
[Round "1"]
[White "Bizouart, Thierry"]
[Black "Chaudagne, Christophe"]
[Result "0-1"]
[WhiteElo "1488"]
[BlackElo "2072"]
[PlyCount "52"]
[EventDate "2015.12.27"]
[EventType "swiss"]
[EventRounds "7"]
[EventCountry "FRA"]
[SourceTitle "CBM 170 Extra"]
[Source "ChessBase"]
[SourceDate "2016.02.25"]
[SourceVersion "1"]
[SourceVersionDate "2016.02.25"]
[SourceQuality "1"]

1. d4 Nf6 2. c4 g6 3. Nc3 d5 4. cxd5 Nxd5 5. e4 Nxc3 6. bxc3 Bg7 7. Bc4 0-0 8. Ne2 Nc6 9. Be3 b6 10. 0-0 Bb7 11. Qc2 Qd6 12. e5 Nxe5 13. dxe5 Qc6 14. f3 Qxc4 15. f4 Be4 16. Qb2 c5 17. Rad1 Bc6 18. Ng3 Rfd8 19. Rd2 Rd3 20. Rxd3 Qxd3 21. Bf2 f6 22. exf6 Bxf6 23. Rc1 Kg7 24. Qc2 Rd8 25. Qxd3 Rxd3 26. c4 Rd2 0-1

[Event "Aix les Bains op 1st"]
[Site "Aix les Bains"]
[Date "2014.08.10"]
[Round "1"]
[White "Diaferia, Joseph"]
[Black "Chaudagne, Christophe"]
[Result "0-1"]
[WhiteElo "1573"]
[BlackElo "2143"]
[PlyCount "84"]
[EventDate "2014.08.10"]
[EventType "swiss"]
[EventRounds "7"]
[EventCountry "FRA"]
[SourceTitle "CBM 161 Extra"]
[Source "ChessBase"]
[SourceDate "2014.08.29"]
[SourceVersion "1"]
[SourceVersionDate "2014.08.29"]
[SourceQuality "1"]

1. e4 e6 2. d4 d5 3. Nd2 Nc6 4. Ngf3 Nf6 5. e5 Nd7 6. Be2 f6 7. exf6 Qxf6 8. c4 Nxd4 9. cxd5 exd5 10. 0-0 Bc5 11. Nxd4 Qxd4 12. Nb3 Qxd1 13. Rxd1 c6 14. Bg4 0-0 15. Nxc5 Nxc5 16. Bf3 Bf5 17. Be3 Nd3 18. Rd2 Rfe8 19. Rad1 Ne5 20. Be2 Bg4 21. Kf1 Bxe2+ 22. Rxe2 Ng4 23. Bf4 Rxe2 24. Kxe2 Re8+ 25. Kf3 Ne5+ 26. Bxe5 Rxe5 27. Rd3 Kf7 28. Re3 Rxe3+ 29. Kxe3 c5 30. f4 h5 31. g3 Ke6 32. h3 b5 33. b3 a5 34. g4 b4 35. Kd3 Kf6 36. Ke3 c4 37. Kd2 c3+ 38. Kc2 d4 39. Kd3 Kf7 40. Kc2 Ke6 41. Kd3 Kd5 42. g5 Ke6 0-1

[Event "Aix les Bains op 1st"]
[Site "Aix les Bains"]
[Date "2014.08.10"]
[Round "3"]
[White "Guidarelli, Laurent"]
[Black "Chaudagne, Christophe"]
[Result "1-0"]
[WhiteElo "2498"]
[BlackElo "2143"]
[PlyCount "83"]
[EventDate "2014.08.10"]
[EventType "swiss"]
[EventRounds "7"]
[EventCountry "FRA"]
[SourceTitle "CBM 161 Extra"]
[Source "ChessBase"]
[SourceDate "2014.08.29"]
[SourceVersion "1"]
[SourceVersionDate "2014.08.29"]
[SourceQuality "1"]

1. d4 Nf6 2. c4 d6 3. g3 e5 4. Bg2 exd4 5. Qxd4 Nc6 6. Qd2 g6 7. Nc3 Bg7 8. Nh3 0-0 9. 0-0 Re8 10. Nf4 Bf5 11. f3 Nd7 12. e4 Be6 13. b3 Qf6 14. Nfe2 Nd4 15. Bb2 Nxe2+ 16. Qxe2 Qg5 17. Rad1 Qa5 18. Qd2 f5 19. exf5 Bxf5 20. Nb5 Qxd2 21. Rxd2 Bxb2 22. Rxb2 Rec8 23. f4 Nc5 24. b4 Na4 25. Rd2 a6 26. Nxd6 cxd6 27. Bxb7 Rcb8 28. Bxa8 Rxa8 29. Rxd6 Nb2 30. c5 Re8 31. Rd2 Nc4 32. Rdf2 Rb8 33. Rc1 Rxb4 34. c6 Be4 35. c7 Bb7 36. a3 Nxa3 37. c8Q+ Bxc8 38. Rxc8+ Kg7 39. Ra2 Rb3 40. Ra8 Nc4 41. R8xa6 Ne3 42. Ra7+ 1-0

[Event "Paris Apsap op 74th"]
[Site "Paris"]
[Date "2004.08.12"]
[Round "5"]
[White "Crudo, Franck"]
[Black "Chaudagne, Christophe"]
[Result "1-0"]
[WhiteElo "2050"]
[BlackElo "2119"]
[PlyCount "67"]
[EventDate "2004.08.??"]
[EventType "swiss"]
[EventRounds "9"]
[EventCountry "FRA"]
[SourceTitle "EXT 2005"]
[Source "ChessBase"]
[SourceDate "2004.11.15"]
[SourceVersion "1"]
[SourceVersionDate "2004.11.15"]
[SourceQuality "1"]

1. e4 e6 2. d4 d5 3. exd5 exd5 4. Bd3 Bd6 5. Ne2 Nc6 6. c3 Qf6 7. 0-0 Bg4 8. Qb3 0-0-0 9. a4 Nge7 10. a5 Ng6 11. Qc2 Nce7 12. b4 Nh4 13. Nd2 Rhe8 14. f3 Bf5 15. Rf2 Qg6 16. Bxf5+ Nexf5 17. Nf1 Qf6 18. Qd3 Ng6 19. b5 Re6 20. Neg3 Nxg3 21. Nxg3 Re1+ 22. Rf1 Bxg3 23. hxg3 Rde8 24. Bd2 Rxa1 25. Rxa1 Re6 26. Kf2 h6 27. c4 Ne7 28. Bf4 Nf5 29. cxd5 Re7 30. Be5 Qg5 31. g4 Nd6 32. b6 Qh4+ 33. Bg3 Qf6 34. bxa7 1-0

[Event "Paris Apsap op 74th"]
[Site "Paris"]
[Date "2004.08.09"]
[Round "1"]
[White "Sulypa, Oleksandr"]
[Black "Chaudagne, Christophe"]
[Result "1-0"]
[WhiteElo "2469"]
[BlackElo "2119"]
[PlyCount "75"]
[EventDate "2004.08.??"]
[EventType "swiss"]
[EventRounds "9"]
[EventCountry "FRA"]
[SourceTitle "EXT 2005"]
[Source "ChessBase"]
[SourceDate "2004.11.15"]
[SourceVersion "1"]
[SourceVersionDate "2004.11.15"]
[SourceQuality "1"]

1. d4 Nf6 2. c4 g6 3. Nc3 d5 4. Nf3 Bg7 5. Qb3 dxc4 6. Qxc4 0-0 7. e4 Nc6 8. Be2 Bg4 9. Be3 Bxf3 10. gxf3 e5 11. dxe5 Nxe5 12. Qd4 Nh5 13. Qxd8 Rfxd8 14. Rd1 Rxd1+ 15. Kxd1 Nc6 16. f4 Nf6 17. Kc1 Rd8 18. e5 Nd7 19. Bf3 Ndb8 20. Nd5 Rd7 21. Rd1 h5 22. Bg2 g5 23. Bh3 Rd8 24. e6 g4 25. e7 Re8 26. Bf1 Nd7 27. Bb5 Nb6 28. Bxb6 axb6 29. Re1 f5 30. Bxc6 bxc6 31. Nxc7 Kf7 32. Nxe8 Kxe8 33. Kc2 Bh6 34. Re5 Bxf4 35. Rxf5 Bxh2 36. Rxh5 g3 37. fxg3 Bxg3 38. Rh6 1-0

[Event "FRA-chT2W 0203"]
[Site "France"]
[Date "2003.04.06"]
[Round "11"]
[White "Le Corre, Patrick"]
[Black "Chaudagne, Christophe"]
[Result "0-1"]
[WhiteElo "2020"]
[BlackElo "2130"]
[PlyCount "170"]
[EventDate "2002.10.??"]
[EventType "team-tourn"]
[EventRounds "11"]
[EventCountry "FRA"]
[SourceTitle "EXT 2004"]
[Source "ChessBase"]
[SourceDate "2003.11.25"]
[SourceVersion "1"]
[SourceVersionDate "2003.11.25"]
[SourceQuality "1"]
[WhiteTeam "Rennes"]
[BlackTeam "Clermont Ferrand"]
[WhiteTeamCountry "FRA"]
[BlackTeamCountry "FRA"]

1. e4 e6 2. d4 d5 3. Nc3 Nf6 4. Bg5 Bb4 5. e5 h6 6. Bd2 Bxc3 7. Bxc3 Ne4 8. Bd3 Nxc3 9. bxc3 c5 10. f4 Qa5 11. Qd2 b6 12. Nf3 Nc6 13. Rb1 Ba6 14. 0-0 Bxd3 15. Qxd3 c4 16. Qd2 0-0-0 17. Nh4 g6 18. a4 Rdg8 19. Nf3 Kc7 20. Ra1 Qa6 21. Qc1 Qc8 22. Qa3 Qf8 23. Qb2 Qe7 24. Qb5 Ra8 25. Rfb1 Rhb8 26. Qb2 a6 27. Qc1 Rh8 28. Qe1 Rab8 29. Nd2 Rb7 30. Nf3 Nb8 31. Kh1 Nd7 32. Kg1 Rbb8 33. Nd2 Rbg8 34. Nf3 Rg7 35. Qe3 Rhg8 36. Kh1 Nb8 37. Re1 Nc6 38. Qc1 Rh7 39. Rb1 Rhh8 40. Qb2 Rb8 41. Qc1 Rb7 42. Ra1 Rhb8 43. Qd2 Qf8 44. Kg1 a5 45. Reb1 b5 46. axb5 Rxb5 47. Rxb5 Rxb5 48. Qc1 Na7 49. Nd2 Nc6 50. Kf1 Qe7 51. Nf3 Kd7 52. Kf2 Ke8 53. Kg1 Rb8 54. Nd2 Kf8 55. Kf1 Kg7 56. Kg1 Rb5 57. Kf1 Qb7 58. g4 Ne7 59. Kg2 Qb8 60. Qa3 Nc6 61. Qc1 Qd8 62. Nf3 Qe7 63. h3 Rb8 64. Nd2 Rh8 65. Nf3 h5 66. g5 Ra8 67. Qb2 Qc7 68. Nd2 Ne7 69. Qa3 Nf5 70. Kf2 Rb8 71. Ke2 Rb5 72. Kf2 Qb6 73. Ke2 h4 74. Qa4 Ng3+ 75. Ke3 Rb2 76. Qxa5 Qxa5 77. Rxa5 Rxc2 78. Ra3 Rc1 79. Kf3 Rd1 80. Ra2 Rh1 81. Kg2 Rc1 82. Kf3 Rxc3+ 83. Kg4 Nf5 84. Nf3 Rd3 85. Ra7 Nxd4 0-1

[Event "FRA-chT2W 0203"]
[Site "France"]
[Date "2003.03.08"]
[Round "7"]
[White "Zagala, Thierry"]
[Black "Chaudagne, Christophe"]
[Result "0-1"]
[WhiteElo "1978"]
[BlackElo "2130"]
[PlyCount "76"]
[EventDate "2002.10.??"]
[EventType "team-tourn"]
[EventRounds "11"]
[EventCountry "FRA"]
[SourceTitle "EXT 2004"]
[Source "ChessBase"]
[SourceDate "2003.11.25"]
[SourceVersion "1"]
[SourceVersionDate "2003.11.25"]
[SourceQuality "1"]
[WhiteTeam "Bordeaux II"]
[BlackTeam "Clermont Ferrand"]
[WhiteTeamCountry "FRA"]
[BlackTeamCountry "FRA"]

1. d4 Nf6 2. Nf3 g6 3. g3 Bg7 4. Bg2 0-0 5. 0-0 d5 6. c4 Nc6 7. cxd5 Nxd5 8. Nc3 Nb6 9. d5 Na5 10. e4 c6 11. dxc6 Nxc6 12. Qe2 Bg4 13. Rd1 Qc8 14. Be3 Qe6 15. Qb5 Bxf3 16. Bxf3 Nc4 17. Bf4 Nd4 18. Rxd4 Bxd4 19. Qxb7 Ne5 20. Bg2 Rab8 21. Qd5 Qxd5 22. Nxd5 Rxb2 23. Nxe7+ Kg7 24. Bxe5+ Bxe5 25. Nc6 Bc7 26. Nxa7 Bb6 27. Nc6 Rxf2 28. Kh1 Rc8 29. e5 Rxg2 30. Kxg2 Rxc6 31. a4 Bd4 32. Ra2 Bxe5 33. Kf3 Kf6 34. Ke4 Ke6 35. a5 Ra6 36. Kd3 Bc7 37. Kc4 Rxa5 38. Re2+ Re5 0-1

[Event "FRA-chT2W 0203"]
[Site "France"]
[Date "2003.01.18"]
[Round "5"]
[White "Chaudagne, Christophe"]
[Black "Martinez, Jean Philippe"]
[Result "1/2-1/2"]
[WhiteElo "2130"]
[BlackElo "2033"]
[PlyCount "75"]
[EventDate "2002.10.??"]
[EventType "team-tourn"]
[EventRounds "11"]
[EventCountry "FRA"]
[SourceTitle "EXT 2004"]
[Source "ChessBase"]
[SourceDate "2003.11.25"]
[SourceVersion "1"]
[SourceVersionDate "2003.11.25"]
[SourceQuality "1"]
[WhiteTeam "Clermont Ferrand"]
[BlackTeam "Nantes"]
[WhiteTeamCountry "FRA"]
[BlackTeamCountry "FRA"]

1. e4 c5 2. Nf3 Nc6 3. Bb5 g6 4. 0-0 Bg7 5. Re1 Nf6 6. e5 Nd5 7. Nc3 Nc7 8. Bxc6 dxc6 9. Ne4 Ne6 10. d3 0-0 11. Be3 b6 12. Qd2 Nd4 13. Nxd4 cxd4 14. Bh6 c5 15. Bxg7 Kxg7 16. h4 f5 17. exf6+ exf6 18. Qf4 Bb7 19. Nd6 Qd7 20. Qg3 Kh8 21. h5 Bd5 22. Qf4 Rad8 23. Ne4 Qg7 24. Re2 gxh5 25. f3 Bxe4 26. Rxe4 Rfe8 27. Rae1 Rxe4 28. Rxe4 Rg8 29. Qd2 Qg5 30. f4 Qg3 31. Qf2 h4 32. Re7 Rg7 33. Re8+ Rg8 34. Qxg3 hxg3 35. Re7 Rg7 36. Re8+ Rg8 37. Re7 Rg7 38. Re8+ 1/2-1/2

[Event "FRA-chT2O 9899"]
[Site "France"]
[Date "1998.11.14"]
[Round "2"]
[White "Picart, Laurent"]
[Black "Chaudagne, Christophe"]
[Result "0-1"]
[WhiteElo "2013"]
[BlackElo "2071"]
[PlyCount "84"]
[EventDate "1998.??.??"]
[EventType "team-tourn"]
[EventRounds "9"]
[EventCountry "FRA"]
[SourceTitle "EXT 2002"]
[Source "ChessBase"]
[SourceDate "2001.11.25"]
[SourceVersion "1"]
[SourceVersionDate "2001.11.25"]
[SourceQuality "1"]

1. d4 Nf6 2. c4 g6 3. Nc3 d5 4. cxd5 Nxd5 5. e4 Nxc3 6. bxc3 Bg7 7. Bc4 0-0 8. Ne2 Nc6 9. 0-0 b6 10. Be3 Bb7 11. Qd2 Qd6 12. Bh6 Na5 13. Bd3 e6 14. Bxg7 Kxg7 15. e5 Qe7 16. Qf4 c5 17. Rad1 Rac8 18. Rfe1 Rfd8 19. Bb1 Nc4 20. Rd3 h6 21. Rg3 Na3 22. Bd3 cxd4 23. cxd4 Nc2 24. Rd1 Nb4 25. Bb1 Rh8 26. Qg4 h5 27. Qf4 Nd5 28. Qd2 Qb4 29. Qg5 Qe7 30. Qd2 Qb4 31. Qg5 Rc7 32. Bxg6 Qe7 33. Qxe7 Nxe7 34. Bxh5+ Kf8 35. Bg4 Rc2 36. Nc1 Nd5 37. Rh3 Rxh3 38. Bxh3 Nc3 39. Re1 Rxc1 40. Rxc1 Ne2+ 41. Kf1 Nxc1 42. a3 Nb3 0-1

[Event "FRA-chT2S"]
[Site "France"]
[Date "1997.??.??"]
[Round "1"]
[White "Belin, Lionel"]
[Black "Chaudagne, Christophe"]
[Result "1/2-1/2"]
[WhiteElo "2180"]
[BlackElo "2070"]
[PlyCount "51"]
[EventDate "1997.??.??"]
[EventType "team-tourn"]
[EventRounds "9"]
[EventCountry "FRA"]
[SourceTitle "EXT 2007"]
[Source "ChessBase"]
[SourceDate "2006.11.23"]
[SourceVersion "1"]
[SourceVersionDate "2006.11.23"]
[SourceQuality "1"]
[WhiteTeam "Lyon"]
[BlackTeam "Clermont Ferrand"]
[WhiteTeamCountry "FRA"]
[BlackTeamCountry "FRA"]

1. e4 e6 2. d4 d5 3. Nc3 Nf6 4. Bg5 Bb4 5. e5 h6 6. Bd2 Bxc3 7. Bxc3 Ne4 8. Nf3 Nxc3 9. bxc3 b6 10. Bd3 Ba6 11. 0-0 Bxd3 12. Qxd3 0-0 13. c4 c6 14. Rac1 Qd7 15. h4 Rd8 16. cxd5 cxd5 17. c4 Nc6 18. c5 Na5 19. Nd2 Nc4 20. Nxc4 dxc4 21. Rxc4 bxc5 22. Rd1 Rac8 23. Rdc1 cxd4 24. Rxc8 Rxc8 25. Rxc8+ Qxc8 26. Qxd4 1/2-1/2

[Event "FRA-chTB 9697"]
[Site "France"]
[Date "1997.??.??"]
[Round "6"]
[White "Chaudagne, Christophe"]
[Black "Nguyen, Huu Hoang Anh"]
[Result "0-1"]
[WhiteElo "2075"]
[BlackElo "1900"]
[PlyCount "104"]
[EventDate "1997.??.??"]
[EventType "team-tourn"]
[EventRounds "7"]
[EventCountry "FRA"]
[SourceTitle "EXT 1999"]
[Source "ChessBase"]
[SourceDate "1998.11.16"]
[SourceVersion "1"]
[SourceVersionDate "1998.11.16"]
[SourceQuality "1"]

1. e4 d6 2. d4 c6 3. Nc3 Qc7 4. g3 e5 5. Bg2 Nf6 6. h3 a5 7. a4 Na6 8. Nge2 Nb4 9. 0-0 Be7 10. Be3 0-0 11. f4 exf4 12. Nxf4 Bd7 13. Nce2 c5 14. c3 Na6 15. g4 Bc6 16. Nd5 Nxd5 17. exd5 Bd7 18. Ng3 Rae8 19. dxc5 Nxc5 20. Bd4 Bh4 21. Nh5 f6 22. Qc2 Re7 23. b4 axb4 24. cxb4 Na6 25. Qb2 Qc4 26. b5 Re2 27. Qc3 Qxc3 28. Bxc3 Nc5 29. Nf4 Rc2 30. Bb4 Ra8 31. Bxc5 Rxc5 32. Ne6 Rc4 33. Rfc1 Rxc1+ 34. Rxc1 Rc8 35. Rxc8+ Bxc8 36. Kf1 Bg3 37. a5 Be5 38. Nd8 Bd4 39. Nc6 bxc6 40. dxc6 Kf8 41. c7 Ke7 42. Bc6 d5 43. Bxd5 Kd6 44. Be4 Kxc7 45. Bxh7 Bc3 46. Kf2 Bxa5 47. Kf3 Kb6 48. Bd3 Bd7 49. Kf4 Bd2+ 50. Ke4 Bxb5 51. Bxb5 Kxb5 52. h4 Be1 0-1

[Event "FRA-chTB 9697"]
[Site "France"]
[Date "1997.??.??"]
[Round "7"]
[White "Cruz Lopez Claret, Carlos"]
[Black "Chaudagne, Christophe"]
[Result "1/2-1/2"]
[WhiteElo "2290"]
[BlackElo "2075"]
[PlyCount "48"]
[EventDate "1997.??.??"]
[EventType "team-tourn"]
[EventRounds "7"]
[EventCountry "FRA"]
[SourceTitle "EXT 1999"]
[Source "ChessBase"]
[SourceDate "1998.11.16"]
[SourceVersion "1"]
[SourceVersionDate "1998.11.16"]
[SourceQuality "1"]

1. d4 d5 2. c4 e6 3. Nc3 c5 4. cxd5 exd5 5. Nf3 Nf6 6. g3 Nc6 7. Bg2 Be7 8. 0-0 0-0 9. Bg5 cxd4 10. Nxd4 h6 11. Be3 Re8 12. Rc1 Bf8 13. Nxc6 bxc6 14. Bd4 Nh7 15. Na4 Bg4 16. Re1 Qa5 17. Bc3 Qb5 18. f3 Bh5 19. Bd4 Ng5 20. Nc5 Bxc5 21. Rxc5 Qa6 22. Rc3 Ne6 23. Bf2 d4 24. Ra3 Qb6 1/2-1/2

[Event "FRA-chTB 9697"]
[Site "France"]
[Date "1997.??.??"]
[Round "3"]
[White "Cursoux, Laurent"]
[Black "Chaudagne, Christophe"]
[Result "1/2-1/2"]
[WhiteElo "2100"]
[BlackElo "2075"]
[PlyCount "81"]
[EventDate "1997.??.??"]
[EventType "team-tourn"]
[EventRounds "7"]
[EventCountry "FRA"]
[SourceTitle "EXT 1999"]
[Source "ChessBase"]
[SourceDate "1998.11.16"]
[SourceVersion "1"]
[SourceVersionDate "1998.11.16"]
[SourceQuality "1"]

1. e4 e6 2. d4 d5 3. Nc3 Nf6 4. Bg5 Bb4 5. e5 h6 6. exf6 hxg5 7. fxg7 Rg8 8. h4 gxh4 9. Qh5 Qf6 10. Rxh4 Qxg7 11. Nf3 Nc6 12. Bb5 Bd6 13. 0-0-0 Bd7 14. Bxc6 Bxc6 15. Qh7 0-0-0 16. Qxg7 Rxg7 17. g3 Rdg8 18. Rdh1 f6 19. Rh6 Rg6 20. Rxg6 Rxg6 21. Rh8+ Kd7 22. Rh7+ Ke8 23. Kd2 Kf8 24. Ke3 Rg7 25. Rh6 Kf7 26. Ne2 e5 27. Nh4 Bd7 28. c3 c5 29. dxe5 Bxe5 30. f4 Bc7 31. Rh5 d4+ 32. cxd4 cxd4+ 33. Nxd4 Rxg3+ 34. Ke4 Rg4 35. Rh7+ Ke8 36. Rh8+ Kf7 37. Rh7+ Rg7 38. Rh8 Rg4 39. Rh7+ Rg7 40. Rh8 Rg4 41. Rh7+ 1/2-1/2

[Event "FRA-chT2S"]
[Site "France"]
[Date "1997.??.??"]
[Round "3"]
[White "Py, Jean"]
[Black "Chaudagne, Christophe"]
[Result "1/2-1/2"]
[WhiteElo "2190"]
[BlackElo "2070"]
[PlyCount "98"]
[EventDate "1997.??.??"]
[EventType "team-tourn"]
[EventRounds "9"]
[EventCountry "FRA"]
[SourceTitle "EXT 2007"]
[Source "ChessBase"]
[SourceDate "2006.11.23"]
[SourceVersion "1"]
[SourceVersionDate "2006.11.23"]
[SourceQuality "1"]
[WhiteTeam "Montpellier"]
[BlackTeam "Clermont Ferrand"]
[WhiteTeamCountry "FRA"]
[BlackTeamCountry "FRA"]

1. d4 Nf6 2. Nf3 g6 3. Bf4 Bg7 4. e3 0-0 5. Be2 d5 6. c3 Nbd7 7. Ne5 Ne4 8. Nd3 Re8 9. Nd2 a5 10. Nxe4 dxe4 11. Ne5 Nxe5 12. dxe5 Qxd1+ 13. Rxd1 Be6 14. a3 Red8 15. Rd2 c6 16. Bd1 Rxd2 17. Kxd2 f6 18. Bc2 f5 19. Rd1 Rd8+ 20. Kc1 Rxd1+ 21. Kxd1 Kf7 22. h4 b5 23. a4 h6 24. g4 Bc4 25. gxf5 gxf5 26. h5 Ke6 27. Kd2 Bxe5 28. Bxh6 Kf6 29. Bd1 Bf7 30. f4 exf3 31. Bxf3 bxa4 32. Bxc6 a3 33. bxa3 Bxh5 34. Bd7 Bd6 35. Bf4 e5 36. Bg3 Bxa3 37. Bh4+ Kg6 38. Bd8 f4 39. Bxa5 Kf6 40. Bd8+ Be7 41. Bc7 Bc5 42. exf4 exf4 43. Bxf4 Ke7 44. Bf5 Bf7 45. Kd3 Be6 46. Bxe6 Kxe6 47. Kc4 Bf2 48. Kb5 Kd7 49. Be5 Kc8 1/2-1/2